| 000 | 00541cam a2200181 4500 | ||
|---|---|---|---|
| 001 | 2068 | ||
| 005 | 20181127164510.0 | ||
| 008 | 751210s1961 ctua b 000 0 eng | ||
| 010 | _a 61017325 | ||
| 100 | 1 |
_aMoore, Frank W., _eed. |
|
| 245 | 1 | 0 |
_aReadings in cross-cultural methodology / _cedited by Frank W. Moore. |
| 260 |
_aNew Haven : _bHRAF Press, _c1961. |
||
| 300 |
_a335 p. : _bill. ; _c23 cm. |
||
| 504 | _aIncludes bibliography. | ||
| 650 | 0 | _aCulture. | |
| 650 | 0 |
_aEthnology _xMethodology. |
|
| 740 | 0 | _aCross-cultural methodology. | |
| 999 |
_c1617 _d1617 |
||